000 00586cam a2200217 a 4500
001 4222967
005 20180215051046.0
008 820225s1982 enka b 001 0 eng
010 _a 82003933
020 _a0043380999 (pbk.)
040 _aDLC
_cDLC
_dDLC
041 _aeng
080 _a658.1554
082 0 0 _a658.1554 MISH
_219
100 1 _a54
101 _aLID
245 1 0 _aCost-benefit analysis :
_cby E.J. Mishan.
504 _aIncludes bibliographies and index.
906 _a7
_bcbc
_corignew
_d1
_eocip
_f19
_gy-gencatlg
942 _2ddc
_cBK
999 _c42635
_d42635